| 000 | 00467nam a2200157Ia 4500 | ||
|---|---|---|---|
| 003 | OSt | ||
| 005 | 20201119094734.0 | ||
| 008 | 190216s9999||||xx |||||||||||||| ||und|| | ||
| 040 | _coclc | ||
| 082 |
_a954.02 _bPRA/S |
||
| 100 |
_aPrasad , Lallan _91375 |
||
| 245 | 0 |
_aA Simple History Of Medieval India / _cL Prasad |
|
| 260 |
_bLakshmi Narain Agarwal Pub, _c1991. _aAgra: |
||
| 300 | _a184p | ||
| 942 |
_cBK _2ddc _h954.02 _iPRA/S _k954.02 _mPRA/S |
||
| 999 |
_c20660 _d20660 |
||